Normal view
MARC view
Entry Personal Name
001 - CONTROL NUMBER
- control field: 1182048
003 - CONTROL NUMBER IDENTIFIER
- control field: OSt
005 - DATE AND TIME OF LATEST TRANSACTION
- control field: 20260324130515.0
008 - FIXED-LENGTH DATA ELEMENTS
- fixed length control field: 260324|| aca||aabn | a|a d
040 ## - CATALOGING SOURCE
- Original cataloging agency: OSt
- Transcribing agency: OSt
100 ## - HEADING--PERSONAL NAME
- Personal name: Marinos Kavouras; Margarita Kokla
670 ## - SOURCE DATA FOUND
- Source citation: Work cat.: (OSt)1778266: Marinos Kavouras; Margarita Kokla, Theories of Geographic Concepts
